[Event "Titled Tuesday intern op 27th Jun Early"]
[Site "Chess.com INT"]
[Date "2023.06.27"]
[Round "11"]
[White "Zuriel, Marisa"]
[Black "Erzhanov, Arman"]
[Result "1/2-1/2"]
[WhiteElo "2146"]
[BlackElo "2228"]
[PlyCount "170"]
[EventDate "2023.06.27"]
[EventType "swiss (blitz)"]
[EventRounds "11"]
[EventCountry "USA"]
[SourceTitle "EXT 2024"]
[Source "ChessBase"]
[SourceDate "2023.10.10"]
[SourceVersion "1"]
[SourceVersionDate "2023.10.10"]
[SourceQuality "1"]

1. e4 d6 2. d4 Nf6 3. Nc3 c6 4. a4 e5 5. Nf3 Nbd7 6. Bc4 Be7 7. 0-0 0-0 8. a5 h6 9. Qe2 Re8 10. Rd1 Qc7 11. d5 cxd5 12. Nxd5 Nxd5 13. Bxd5 Nf6 14. Bb3 Be6 15. Ba4 Red8 16. b3 d5 17. exd5 Nxd5 18. c4 Nc3 19. Rxd8+ Rxd8 20. Qe3 Rd1+ 21. Ne1 Nxa4 22. bxa4 Qxc4 23. Bb2 Rxa1 24. Bxa1 f6 25. h3 Qxa4 26. Bc3 Qc6 27. Bd2 Bc5 28. Qd3 Qd5 29. Qc2 Bd7 30. Nf3 Bc6 31. Bxh6 gxh6 32. Qg6+ Kf8 33. Qxf6+ Ke8 34. Qg6+ Qf7 35. Qxh6 Bxf3 36. gxf3 Qxf3 37. Qe6+ Be7 38. Qxe5 Qc6 39. Qb8+ Kd7 40. Qxa7 Bc5 41. Qb8 Qf3 42. Qg8 Bxf2+ 43. Kh2 Qf4+ 44. Kh1 Qf3+ 45. Kh2 Qf4+ 46. Kh1 Bc5 47. Qd5+ Bd6 48. Qxb7+ Ke6 49. Qb3+ Kf5 50. Qf7+ Ke4 51. Qxf4+ Kxf4 52. Kg2 Bc5 53. a6 Ba7 54. h4 Kg4 55. Kf1 Kxh4 56. Ke2 Kg5 57. Kd3 Kf6 58. Kc4 Ke7 59. Kb5 Kd7 60. Ka5 Kc7 61. Kb5 Kd6 62. Ka5 Kc6 63. Ka4 Kb6 64. Kb3 Kb5 65. Ka2 Bc5 66. Kb1 Ba7 67. Ka1 Kb4 68. Kb2 Bd4+ 69. Ka2 Ba7 70. Kb1 Kb5 71. Ka2 Kc6 72. Kb3 Kc7 73. Kc4 Kb8 74. Kb5 Ka8 75. Kc6 Be3 76. a7 Bf2 77. Kc7 Bg3+ 78. Kb6 Bh4 79. Ka6 Be7 80. Kb6 Bd8+ 81. Ka6 Bc7 82. Kb5 Bd6 83. Ka6 Bc5 84. Kb5 Bb6 85. Ka6 Bxa7 1/2-1/2

[Event "ARG-ch sf 98th"]
[Site "Buenos Aires"]
[Date "2023.05.05"]
[Round "7"]
[White "Zuriel, Marisa"]
[Black "Salvatti, Diego"]
[Result "1-0"]
[WhiteElo "2126"]
[BlackElo "1931"]
[PlyCount "93"]
[EventDate "2023.04.29"]
[EventType "swiss"]
[EventRounds "9"]
[EventCountry "ARG"]
[SourceTitle "CBM 214 Extra"]
[Source "ChessBase"]
[SourceDate "2023.07.31"]
[SourceVersion "1"]
[SourceVersionDate "2023.07.31"]
[SourceQuality "1"]

1. e4 e6 2. d4 d5 3. Nc3 Nf6 4. Bg5 dxe4 5. Nxe4 Be7 6. Bxf6 Bxf6 7. Nf3 Nd7 8. Bd3 b6 9. Qe2 Bb7 10. 0-0-0 Qe7 11. Kb1 0-0-0 12. Ba6 c6 13. Rhe1 Rhe8 14. Bxb7+ Kxb7 15. Rd3 a5 16. Nfd2 Nb8 17. Nc4 Rd5 18. Ne5 Red8 19. Nxf6 gxf6 20. Nf3 Na6 21. a3 Qf8 22. Red1 Qh6 23. h4 Qf4 24. g3 Qg4 25. Qe3 h5 26. Nh2 Qg6 27. Nf3 Qg4 28. Ne1 Qf5 29. Qe2 Nc7 30. Ng2 Qh7 31. Nf4 Rf5 32. Ka2 Nd5 33. Ng2 b5 34. Ne3 Nxe3 35. fxe3 Rfd5 36. e4 R5d6 37. d5 exd5 38. exd5 Qf5 39. Rf1 Qd7 40. Re3 Kb6 41. Re7 Qc8 42. Qe3+ c5 43. Rxf7 Qg4 44. b3 Rxd5 45. R1xf6+ R5d6 46. Qe7 Qd7 47. Rxd6+ 1-0

[Event "Vicente Lopez ProAm 100 Years op"]
[Site "Buenos Aires"]
[Date "2022.10.17"]
[Round "8"]
[White "Zuriel, Marisa"]
[Black "Llanos, Guillermo"]
[Result "0-1"]
[WhiteElo "2130"]
[BlackElo "2295"]
[PlyCount "96"]
[EventDate "2022.10.11"]
[EventType "swiss"]
[EventRounds "9"]
[EventCountry "ARG"]
[SourceTitle "CBM 210 Extra"]
[Source "ChessBase"]
[SourceDate "2022.11.30"]
[SourceVersion "1"]
[SourceVersionDate "2022.11.30"]
[SourceQuality "1"]

1. e4 c5 2. Nf3 e6 3. d4 cxd4 4. Nxd4 a6 5. Bd3 Ne7 6. Nc3 Nbc6 7. Nf3 Ng6 8. Be3 b5 9. 0-0 Bb7 10. Re1 Be7 11. Nd5 exd5 12. exd5 0-0 13. dxc6 dxc6 14. c4 Bb4 15. Re2 c5 16. cxb5 Bxf3 17. gxf3 Qf6 18. Qf1 Ne5 19. Be4 Nxf3+ 20. Bxf3 Qxf3 21. Rc2 axb5 22. Qg2 Qf5 23. Bh6 Qf6 24. Bg5 Qg6 25. Re2 Rxa2 26. Rxa2 Qb1+ 27. Qf1 Qxa2 28. Be7 Re8 29. Qd1 Qa6 30. Re3 Qc6 31. Bg5 Rxe3 32. Bxe3 h6 33. Qd8+ Kh7 34. Qe7 Qg6+ 35. Kf1 Qe6 36. Qd8 Qc4+ 37. Kg1 Qg4+ 38. Kf1 Qe4 39. Qc7 Qd3+ 40. Kg2 Qd5+ 41. Kf1 c4 42. Bf4 Qd3+ 43. Kg2 Qd5+ 44. Kf1 Bc5 45. Bg3 Bd4 46. Qa5 Bxb2 47. Qa2 Qd1+ 48. Kg2 Qa1 0-1

[Event "Vicente Lopez ProAm 100 Years op"]
[Site "Buenos Aires"]
[Date "2022.10.14"]
[Round "4"]
[White "Zuriel, Marisa"]
[Black "Spata, German"]
[Result "0-1"]
[WhiteElo "2130"]
[BlackElo "2289"]
[PlyCount "84"]
[EventDate "2022.10.11"]
[EventType "swiss"]
[EventRounds "9"]
[EventCountry "ARG"]
[SourceTitle "CBM 210 Extra"]
[Source "ChessBase"]
[SourceDate "2022.11.30"]
[SourceVersion "1"]
[SourceVersionDate "2022.11.30"]
[SourceQuality "1"]

1. e4 d6 2. d4 Nf6 3. Nc3 g6 4. Be3 a6 5. Qd2 Bg7 6. Bh6 0-0 7. h4 e5 8. d5 b5 9. f3 Nh5 10. 0-0-0 Ng3 11. Rh2 f5 12. Bg5 Qe8 13. exf5 gxf5 14. Nge2 Nxf1 15. Rxf1 Nd7 16. h5 Nb6 17. h6 Bf6 18. Bxf6 Rxf6 19. Ng3 Nc4 20. Qg5+ Rg6 21. Qh4 Bd7 22. Nge2 Qf7 23. f4 e4 24. Rh3 b4 25. Nb1 Nb6 26. Rg3 Nxd5 27. Rd1 Nf6 28. Nd2 Ng4 29. Nd4 Re8 30. Re1 c5 31. Ne2 a5 32. Ng1 Qxa2 33. Nh3 Qf7 34. Ng5 Qf6 35. Ndxe4 fxe4 36. Rxg4 a4 37. Rg3 a3 38. f5 axb2+ 39. Kd2 Bxf5 40. Qf4 Qd4+ 41. Ke2 Qc4+ 42. Kd2 e3+ 0-1

[Event "ARG-chT"]
[Site "Villa Martelli"]
[Date "2022.08.28"]
[Round "4.7"]
[White "Zuriel, Marisa"]
[Black "Massaferro, Cristian"]
[Result "0-1"]
[WhiteElo "2174"]
[BlackElo "1942"]
[PlyCount "58"]
[EventDate "2022.08.26"]
[EventType "team-swiss"]
[EventRounds "8"]
[EventCountry "ARG"]
[SourceTitle "EXT 2023"]
[Source "ChessBase"]
[SourceDate "2022.10.05"]
[SourceVersion "1"]
[SourceVersionDate "2022.10.05"]
[SourceQuality "1"]
[WhiteTeam "Villa del Parque CC"]
[BlackTeam "Ventajedrez Plastigal"]
[WhiteTeamCountry "ARG"]
[BlackTeamCountry "ARG"]

1. e4 e5 2. Nf3 Nc6 3. Bc4 Nf6 4. d3 Bc5 5. 0-0 d6 6. c3 a6 7. a4 Ba7 8. h3 h6 9. Bb3 g5 10. Nh2 Rg8 11. Be3 g4 12. hxg4 Nxg4 13. Qf3 Qe7 14. Bxa7 Nxa7 15. Nd2 Nxh2 16. Kxh2 Bg4 17. Qg3 Rg6 18. f3 Be6 19. Qf2 Bxb3 20. Nxb3 0-0-0 21. g3 Qg5 22. Nc1 Kb8 23. b4 b6 24. Ra2 Rdg8 25. Ne2 f5 26. exf5 Qxf5 27. Qe3 h5 28. Raa1 Qf6 29. Rac1 Rxg3 0-1

[Event "Olympiad Women-44"]
[Site "Chennai"]
[Date "2022.08.05"]
[Round "7.1"]
[White "Zuriel, Marisa"]
[Black "Tokhirjonova, Gulruhbegim"]
[Result "0-1"]
[WhiteElo "2174"]
[BlackElo "2329"]
[PlyCount "116"]
[EventDate "2022.07.29"]
[EventType "team-swiss"]
[EventRounds "11"]
[EventCountry "IND"]
[SourceTitle "CBM 210"]
[Source "ChessBase"]
[SourceDate "2022.10.31"]
[SourceVersion "1"]
[SourceVersionDate "2022.10.31"]
[SourceQuality "1"]
[WhiteTeam "Argentina (W)"]
[BlackTeam "United States (W)"]
[WhiteTeamCountry "ARG"]
[BlackTeamCountry "USA"]

1. e4 e5 2. Nf3 Nc6 3. Nc3 Nf6 4. Bb5 Bb4 5. 0-0 0-0 6. Bxc6 dxc6 7. Nxe5 Bxc3 8. dxc3 Nxe4 9. Qxd8 Rxd8 10. Bf4 Nd6 11. Rad1 Be6 12. a3 a5 13. a4 f6 14. Nd3 b6 15. Rfe1 Kf7 16. f3 g5 17. Bg3 Rd7 18. b3 Rad8 19. Nf2 Bf5 20. Re2 Nb7 21. Rde1 b5 22. h4 h6 23. hxg5 hxg5 24. Ng4 bxa4 25. Nh6+ Kg6 26. Nxf5 Kxf5 27. bxa4 Nc5 28. Bf2 Nxa4 29. Re6 Rd6 30. Re7 R8d7 31. Rxd7 Rxd7 32. Ra1 Nxc3 33. Rxa5+ Rd5 34. Ra7 Nb5 35. Ra6 Rd1+ 36. Kh2 Rd2 37. Rb6 c5 38. Rc6 Rxf2 39. Rxc5+ Ke6 40. Rxb5 Rxc2 41. Kg3 c5 42. f4 Kf5 43. fxg5 Kxg5 44. Ra5 f5 45. Kf3 Rc3+ 46. Kf2 Kf4 47. Ra4+ c4 48. Ra5 Rc2+ 49. Kg1 c3 50. Kh2 Rd2 51. Rc5 c2 52. Kh3 Ke3 53. g3 f4 54. gxf4 Kd4 55. Rc8 Rd3+ 56. Kg4 Rc3 57. Rd8+ Ke3 58. Re8+ Kf2 0-1

[Event "Titled Tuesday intern op 07th Sept"]
[Site "Chess.com INT"]
[Date "2021.09.07"]
[Round "2"]
[White "Filippova, Margarita"]
[Black "Zuriel, Marisa"]
[Result "1-0"]
[WhiteElo "1959"]
[BlackElo "2203"]
[PlyCount "113"]
[EventDate "2021.09.07"]
[EventType "swiss (blitz)"]
[EventRounds "11"]
[EventCountry "USA"]
[SourceTitle "EXT 2022"]
[Source "ChessBase"]
[SourceDate "2021.10.06"]
[SourceVersion "1"]
[SourceVersionDate "2021.10.06"]
[SourceQuality "1"]

1. Nf3 g6 2. c4 Bg7 3. Nc3 d6 4. e4 e5 5. d4 Nc6 6. d5 Nd4 7. Nxd4 exd4 8. Nb5 Nf6 9. Qxd4 0-0 10. Bg5 h6 11. Bxf6 Bxf6 12. Qd2 Re8 13. Bd3 a6 14. Nc3 Qe7 15. 0-0 h5 16. Kh1 c5 17. f4 Rb8 18. Rae1 b5 19. e5 dxe5 20. f5 bxc4 21. Bxc4 Bxf5 22. d6 Qd8 23. Qd5 Be6 24. Qd3 Rxb2 25. d7 Rf8 26. Bxe6 fxe6 27. Qxg6+ Bg7 28. Ne4 Qxd7 29. Rxf8+ Kxf8 30. Rf1+ Ke7 31. Qxg7+ Kd8 32. Qxd7+ Kxd7 33. Nxc5+ Kc6 34. Nxa6 Kb6 35. Nb8 Kc7 36. Na6+ Kb6 37. h4 Kxa6 38. Rf6 Rb6 39. Rh6 Ka5 40. Rxh5 Rb5 41. Rh6 Rb6 42. g4 Ka4 43. g5 e4 44. Kg2 Rb2+ 45. Kf1 Rxa2 46. Rxe6 Rh2 47. Rxe4+ Kb5 48. Kg1 Rh3 49. Kg2 Ra3 50. h5 Kc6 51. h6 Kd5 52. Re7 Ra8 53. g6 Kd6 54. Re3 Rg8 55. g7 Kd7 56. Kh3 Kd6 57. h7 1-0

[Event "Titled Tuesday intern op 07th Sept"]
[Site "Chess.com INT"]
[Date "2021.09.07"]
[Round "6"]
[White "Prydun, Andriy"]
[Black "Zuriel, Marisa"]
[Result "1-0"]
[WhiteElo "2184"]
[BlackElo "2203"]
[PlyCount "103"]
[EventDate "2021.09.07"]
[EventType "swiss (blitz)"]
[EventRounds "11"]
[EventCountry "USA"]
[SourceTitle "EXT 2022"]
[Source "ChessBase"]
[SourceDate "2021.10.06"]
[SourceVersion "1"]
[SourceVersionDate "2021.10.06"]
[SourceQuality "1"]

1. Nc3 c5 2. Nf3 Nc6 3. d4 cxd4 4. Nxd4 g6 5. g3 Bg7 6. Nb3 d6 7. Bg2 Nf6 8. 0-0 0-0 9. Bg5 a5 10. a4 Nb4 11. Rc1 h6 12. Be3 Ng4 13. Bd4 e5 14. Be3 Nxe3 15. fxe3 Be6 16. e4 Qb6+ 17. Kh1 Nxc2 18. Qxc2 Qxb3 19. Qd2 Rfd8 20. Rf3 Qb4 21. Rd3 Rac8 22. Rd1 Bf8 23. Nd5 Qxd2 24. R3xd2 Kg7 25. e3 Rc4 26. b3 Bxd5 27. Rxd5 Rc3 28. Rxa5 Rxb3 29. Rc1 Rd7 30. Ra7 h5 31. a5 Re7 32. h4 Rxe3 33. Kh2 g5 34. hxg5 Kg6 35. Rb1 Ra3 36. Bh3 Kxg5 37. Bc8 Ra2+ 38. Kh3 h4 39. gxh4+ Kf4 40. Bxb7 Re6 41. Ra8 Ra3+ 42. Kh2 Rh6 43. Rf1+ Rf3 44. Rxf3+ Kxf3 45. Rxf8 Rxh4+ 46. Kg1 Rg4+ 47. Kf1 Rh4 48. Rxf7+ Ke3 49. a6 Rh1+ 50. Kg2 Ra1 51. Rf6 Ra2+ 52. Kg3 1-0

[Event "Titled Tuesday intern op 07th Sept"]
[Site "Chess.com INT"]
[Date "2021.09.07"]
[Round "5"]
[White "Seletsky, Grigory"]
[Black "Zuriel, Marisa"]
[Result "0-1"]
[WhiteElo "2272"]
[BlackElo "2203"]
[PlyCount "80"]
[EventDate "2021.09.07"]
[EventType "swiss (blitz)"]
[EventRounds "11"]
[EventCountry "USA"]
[SourceTitle "EXT 2022"]
[Source "ChessBase"]
[SourceDate "2021.10.06"]
[SourceVersion "1"]
[SourceVersionDate "2021.10.06"]
[SourceQuality "1"]

1. d4 Nf6 2. c4 c5 3. d5 b5 4. cxb5 a6 5. b6 g6 6. Nc3 d6 7. e4 Qxb6 8. h3 Bg7 9. Nf3 0-0 10. Bc4 Nbd7 11. 0-0 Qc7 12. Re1 Rb8 13. Qc2 Nb6 14. Bf1 Nfd7 15. b3 c4 16. b4 Ne5 17. Nxe5 Bxe5 18. Bb2 Bd7 19. Rab1 Rfc8 20. a3 Bxc3 21. Qxc3 f6 22. Rec1 Bb5 23. Qe3 Na4 24. Bd4 a5 25. h4 Kf7 26. Qh6 Rh8 27. g4 c3 28. Bxb5 Rxb5 29. Rc2 axb4 30. axb4 Qc4 31. Rd1 Rxb4 32. Qe3 Rhb8 33. g5 Rb1 34. Rcc1 c2 35. Re1 Rxc1 36. Rxc1 Rb1 37. Ba1 Rxc1+ 38. Qxc1 Qe2 39. Qf4 Qd1+ 40. Kg2 c1Q 0-1

[Event "Titled Tuesday intern op 07th Sept"]
[Site "Chess.com INT"]
[Date "2021.09.07"]
[Round "1"]
[White "Zuriel, Marisa"]
[Black "Eynullayev, Atilla Elshan"]
[Result "0-1"]
[WhiteElo "2203"]
[BlackElo "2325"]
[PlyCount "80"]
[EventDate "2021.09.07"]
[EventType "swiss (blitz)"]
[EventRounds "11"]
[EventCountry "USA"]
[SourceTitle "EXT 2022"]
[Source "ChessBase"]
[SourceDate "2021.10.06"]
[SourceVersion "1"]
[SourceVersionDate "2021.10.06"]
[SourceQuality "1"]

1. e4 c5 2. Nf3 e6 3. d4 cxd4 4. Nxd4 Nc6 5. Nc3 a6 6. Nxc6 bxc6 7. Bd3 d5 8. 0-0 Nf6 9. e5 Nd7 10. Re1 Be7 11. Qg4 Kf8 12. Na4 Qa5 13. c3 h5 14. Qd1 c5 15. a3 Bb7 16. b4 Qc7 17. Qe2 g6 18. bxc5 Bc6 19. Nb6 Nxb6 20. cxb6 Qxb6 21. Rb1 Qc7 22. Be3 Kg7 23. Qd2 Rhb8 24. Bh6+ Kg8 25. Rxb8+ Rxb8 26. Bxa6 Qa5 27. Be2 Qxa3 28. Bg5 Bf8 29. Bf6 Rb2 30. Qe3 Rc2 31. h3 Rxc3 32. Qb6 Qc5 33. Qd8 d4 34. Bf1 Ra3 35. Rb1 Ra8 36. Rb8 Rxb8 37. Qxb8 Be4 38. Bg5 d3 39. Bh6 Qe7 40. Qb2 Bxh6 0-1

[Event "Titled Tuesday intern op 07th Sept"]
[Site "Chess.com INT"]
[Date "2021.09.07"]
[Round "9"]
[White "Zuriel, Marisa"]
[Black "Kucuksari, Kaan"]
[Result "0-1"]
[WhiteElo "2203"]
[BlackElo "2369"]
[PlyCount "74"]
[EventDate "2021.09.07"]
[EventType "swiss (blitz)"]
[EventRounds "11"]
[EventCountry "USA"]
[SourceTitle "EXT 2022"]
[Source "ChessBase"]
[SourceDate "2021.10.06"]
[SourceVersion "1"]
[SourceVersionDate "2021.10.06"]
[SourceQuality "1"]

1. e4 c5 2. Nf3 Nc6 3. d4 cxd4 4. Nxd4 Nxd4 5. Qxd4 d6 6. c4 Bd7 7. Nc3 Nf6 8. b3 g6 9. Bb2 Bg7 10. Be2 0-0 11. Qd2 Bc6 12. f3 Qb6 13. Na4 Bxa4 14. bxa4 Nxe4 15. fxe4 Qxb2 16. Qxb2 Bxb2 17. Rb1 Bc3+ 18. Kd1 b6 19. Kc2 Bd4 20. Kd3 e5 21. h4 f5 22. exf5 gxf5 23. h5 Kf7 24. Bf3 Rab8 25. Bd5+ Kf6 26. Rbf1 Kg5 27. h6 Rf6 28. Rf3 e4+ 29. Kxd4 exf3 30. gxf3 Rxh6 31. f4+ Kg6 32. Bf7+ Kg7 33. Bh5 Kf6 34. Kd5 Rc8 35. Kxd6 Rxc4 36. a5 bxa5 37. Kd5 Rxf4 0-1

[Event "Speed Chess (Women) Q3"]
[Site "Chess.com INT"]
[Date "2021.05.30"]
[Round "21"]
[White "Nomin Erdene, Davaademberel"]
[Black "Zuriel, Marisa"]
[Result "1-0"]
[WhiteElo "2382"]
[BlackElo "2203"]
[PlyCount "81"]
[EventDate "2021.05.30"]
[EventType "swiss (blitz)"]
[EventRounds "21"]
[EventCountry "USA"]
[SourceTitle "CBM 202 Extra"]
[Source "ChessBase"]
[SourceDate "2021.07.31"]
[SourceVersion "1"]
[SourceVersionDate "2021.07.31"]
[SourceQuality "1"]

1. f4 c5 2. Nf3 d5 3. g3 Nf6 4. Bg2 g6 5. 0-0 Bg7 6. d3 0-0 7. c3 Nc6 8. Na3 d4 9. e4 dxe3 10. Bxe3 Nd7 11. Qe2 a6 12. Nc4 b5 13. Nce5 Ncxe5 14. Nxe5 Rb8 15. Nc6 Qc7 16. Nxb8 Qxb8 17. Qf2 c4 18. d4 Bb7 19. Rae1 Nf6 20. Bxb7 Qxb7 21. Qf3 Qd7 22. f5 Nd5 23. Bd2 gxf5 24. Qxf5 e6 25. Qg4 Kh8 26. Qh5 f5 27. Bh6 Rf6 28. Bxg7+ Kxg7 29. Re5 Rg6 30. Qh4 b4 31. Rf3 Rg4 32. Qh5 Nf6 33. Qh3 bxc3 34. bxc3 Qb7 35. Qg2 Qb1+ 36. Qf1 Qxa2 37. Rxe6 Ne4 38. Rxf5 Ng5 39. Rxg5+ Rxg5 40. Qf6+ Kg8 41. Re8# 1-0

[Event "Speed Chess (Women) Q3"]
[Site "Chess.com INT"]
[Date "2021.05.30"]
[Round "11"]
[White "Pham, Le Thao Nguyen"]
[Black "Zuriel, Marisa"]
[Result "1-0"]
[WhiteElo "2369"]
[BlackElo "2203"]
[PlyCount "73"]
[EventDate "2021.05.30"]
[EventType "swiss (blitz)"]
[EventRounds "21"]
[EventCountry "USA"]
[SourceTitle "CBM 202 Extra"]
[Source "ChessBase"]
[SourceDate "2021.07.31"]
[SourceVersion "1"]
[SourceVersionDate "2021.07.31"]
[SourceQuality "1"]

1. d4 Nf6 2. Nf3 c5 3. c3 g6 4. Bf4 Bg7 5. e3 0-0 6. h3 cxd4 7. exd4 d6 8. Be2 b6 9. 0-0 Bb7 10. a4 Nc6 11. Re1 Rc8 12. Na3 Re8 13. Nc4 Qc7 14. Bh2 Qb8 15. Bd3 Nd5 16. Ne3 Nxe3 17. Rxe3 a6 18. Qe2 Rc7 19. Bxa6 Na5 20. Bb5 Bc6 21. Nd2 Bxb5 22. axb5 Qd8 23. Bg3 Qd7 24. Re1 e6 25. Qf3 Rcc8 26. Qe2 Red8 27. Rf3 Qb7 28. h4 h5 29. Bf4 Qd5 30. Bg5 Rd7 31. Bf6 Qa2 32. Ne4 Bf8 33. Bg5 Bg7 34. Nf6+ Bxf6 35. Bxf6 Kh7 36. Rg3 Nc4 37. Rg5 1-0

[Event "Speed Chess (Women) Q3"]
[Site "Chess.com INT"]
[Date "2021.05.30"]
[Round "20"]
[White "Vargas, Gabriela"]
[Black "Zuriel, Marisa"]
[Result "0-1"]
[WhiteElo "2170"]
[BlackElo "2203"]
[PlyCount "96"]
[EventDate "2021.05.30"]
[EventType "swiss (blitz)"]
[EventRounds "21"]
[EventCountry "USA"]
[SourceTitle "CBM 202 Extra"]
[Source "ChessBase"]
[SourceDate "2021.07.31"]
[SourceVersion "1"]
[SourceVersionDate "2021.07.31"]
[SourceQuality "1"]

1. d4 e6 2. Nf3 c5 3. c3 Nf6 4. Bg5 d6 5. e3 Be7 6. Nbd2 h6 7. Bh4 b6 8. Bd3 Bb7 9. Qe2 Nbd7 10. 0-0 Qc7 11. Bg3 g5 12. h3 h5 13. e4 g4 14. hxg4 hxg4 15. Nh2 Nh5 16. Qxg4 Nxg3 17. Qxg3 0-0-0 18. dxc5 Nxc5 19. Bc2 Rdg8 20. Qe3 d5 21. e5 d4 22. Qf3 Bxf3 23. Ndxf3 dxc3 24. bxc3 f6 25. Rfe1 fxe5 26. Nxe5 Bd6 27. Nhf3 Bxe5 28. Nxe5 Nd7 29. Nxd7 Qxd7 30. Rad1 Qc6 31. Be4 Qc7 32. g3 Rd8 33. Bg2 Rxd1 34. Rxd1 Qxc3 35. Rf1 Rf8 36. Rd1 Qc2 37. Rf1 Qxa2 38. Bh3 Kd7 39. Rd1+ Ke7 40. Rf1 Rf6 41. Bg2 a5 42. Kh2 Rxf2 43. Rg1 a4 44. Kh3 Rxg2 45. g4 Rxg1 46. Kh4 Qg2 47. Kg5 Qxg4+ 48. Kh6 Rh1# 0-1

[Event "Speed Chess (Women) Q3"]
[Site "Chess.com INT"]
[Date "2021.05.30"]
[Round "14"]
[White "Zaksaite, Salomeja"]
[Black "Zuriel, Marisa"]
[Result "1-0"]
[WhiteElo "2202"]
[BlackElo "2203"]
[PlyCount "111"]
[EventDate "2021.05.30"]
[EventType "swiss (blitz)"]
[EventRounds "21"]
[EventCountry "USA"]
[SourceTitle "CBM 202 Extra"]
[Source "ChessBase"]
[SourceDate "2021.07.31"]
[SourceVersion "1"]
[SourceVersionDate "2021.07.31"]
[SourceQuality "1"]

1. e4 c5 2. Nf3 d6 3. d4 cxd4 4. Nxd4 Nf6 5. Nc3 a6 6. Bc4 e6 7. Bb3 Nbd7 8. Bg5 Nc5 9. Qe2 Be7 10. f4 Qc7 11. 0-0-0 h6 12. Bxf6 Bxf6 13. g4 g5 14. f5 Ke7 15. fxe6 fxe6 16. Nf5+ exf5 17. Nd5+ Kd8 18. Nxc7 Kxc7 19. exf5 Be5 20. Rhe1 Bd7 21. Kb1 Rhe8 22. h3 Rac8 23. Qd2 Bc6 24. Rxe5 dxe5 25. Qd6+ Kb6 26. f6 e4 27. f7 Rf8 28. Bd5 e3 29. Bxc6 bxc6 30. Re1 Rcd8 31. Qe7 e2 32. b4 Rd1+ 33. Kb2 Na4+ 34. Kb3 Rxe1 35. Kxa4 Rb1 36. Qxe2 Rxf7 37. c4 Rf4 38. c5+ Kc7 39. Qe7+ Kc8 40. Qe8+ Kc7 41. Qe7+ Kc8 42. Qe6+ Kc7 43. Qd6+ Kb7 44. Qd7+ Kb8 45. Qxc6 Rfxb4+ 46. Ka5 Rb5+ 47. Kxa6 R1b4 48. Qxb5+ Rxb5 49. Kxb5 Kb7 50. c6+ Kc7 51. a4 Kc8 52. a5 Kb8 53. a6 Ka7 54. c7 Ka8 55. c8Q+ Ka7 56. Qb7# 1-0

[Event "Speed Chess (Women) Q3"]
[Site "Chess.com INT"]
[Date "2021.05.30"]
[Round "1"]
[White "Zuriel, Marisa"]
[Black "Gevorgyan, Maria"]
[Result "0-1"]
[WhiteElo "2203"]
[BlackElo "2219"]
[PlyCount "70"]
[EventDate "2021.05.30"]
[EventType "swiss (blitz)"]
[EventRounds "21"]
[EventCountry "USA"]
[SourceTitle "CBM 202 Extra"]
[Source "ChessBase"]
[SourceDate "2021.07.31"]
[SourceVersion "1"]
[SourceVersionDate "2021.07.31"]
[SourceQuality "1"]

1. e4 c5 2. Nf3 Nc6 3. Bb5 g6 4. Bxc6 dxc6 5. h3 Bg7 6. d3 Nf6 7. Nc3 Nd7 8. Be3 e5 9. Qd2 h6 10. Nh2 b6 11. Ng4 h5 12. Nh2 Nf8 13. f4 exf4 14. Bxf4 Ne6 15. Be3 0-0 16. 0-0 Nd4 17. Kh1 Be6 18. a3 Qd7 19. Rae1 Rad8 20. Rf2 c4 21. Bh6 cxd3 22. Bxg7 Kxg7 23. cxd3 Nb3 24. Qf4 Qxd3 25. Qf6+ Kh7 26. Nf3 Bc4 27. Ng5+ Kg8 28. Rf3 Qd4 29. e5 Nd2 30. Nce4 Nxf3 31. Nxf3 Bd3 32. Neg5 Bf5 33. e6 Qxf6 34. e7 Rfe8 35. exd8Q Rxd8 0-1

[Event "Speed Chess (Women) Q3"]
[Site "Chess.com INT"]
[Date "2021.05.30"]
[Round "12"]
[White "Zuriel, Marisa"]
[Black "Jakubowska, Anna"]
[Result "0-1"]
[WhiteElo "2203"]
[BlackElo "2073"]
[PlyCount "84"]
[EventDate "2021.05.30"]
[EventType "swiss (blitz)"]
[EventRounds "21"]
[EventCountry "USA"]
[SourceTitle "CBM 202 Extra"]
[Source "ChessBase"]
[SourceDate "2021.07.31"]
[SourceVersion "1"]
[SourceVersionDate "2021.07.31"]
[SourceQuality "1"]

1. e4 c6 2. Nf3 d5 3. e5 Bg4 4. d4 e6 5. Be2 c5 6. c3 Nc6 7. 0-0 Bxf3 8. Bxf3 Nge7 9. a3 Ng6 10. b4 cxd4 11. cxd4 Be7 12. g3 0-0 13. Bb2 Rc8 14. Nd2 Qd7 15. Kg2 a6 16. h4 Rfe8 17. h5 Nf8 18. h6 g6 19. Be2 f6 20. exf6 Bxf6 21. Nf3 Qe7 22. Qb3 Nd7 23. Rae1 Nb6 24. Bd3 Qf7 25. Ne5 Bxe5 26. dxe5 Rf8 27. f4 Ne7 28. Bd4 Nc4 29. Re2 Nf5 30. Bxf5 Qxf5 31. b5 axb5 32. Qxb5 Qd3 33. Rff2 Ne3+ 34. Rxe3 Qxb5 35. Rfe2 Rc4 36. Bc3 Rfc8 37. Bb4 Rc2 38. Kf3 Rxe2 39. Rxe2 d4 40. g4 d3 41. Rd2 Qd5+ 42. Kg3 Rc2 0-1

[Event "Speed Chess (Women) Q3"]
[Site "Chess.com INT"]
[Date "2021.05.30"]
[Round "18"]
[White "Zuriel, Marisa"]
[Black "Kiran, Manisha Mohanty"]
[Result "0-1"]
[WhiteElo "2203"]
[BlackElo "2168"]
[PlyCount "52"]
[EventDate "2021.05.30"]
[EventType "swiss (blitz)"]
[EventRounds "21"]
[EventCountry "USA"]
[SourceTitle "CBM 202 Extra"]
[Source "ChessBase"]
[SourceDate "2021.07.31"]
[SourceVersion "1"]
[SourceVersionDate "2021.07.31"]
[SourceQuality "1"]

1. e4 c5 2. Nf3 d6 3. d4 cxd4 4. Nxd4 Nf6 5. Nc3 Nc6 6. Bc4 e6 7. Bb3 a6 8. 0-0 Be7 9. Kh1 0-0 10. f4 Qc7 11. f5 Nxd4 12. Qxd4 Qc5 13. Qd3 b5 14. Bg5 b4 15. Ne2 a5 16. c3 a4 17. Bc2 Ba6 18. Qf3 e5 19. Bxf6 Bxf6 20. Ng3 a3 21. bxa3 Qxc3 22. Qxc3 bxc3 23. Rfd1 Rab8 24. Nh5 Bg5 25. Bb3 Be2 26. Re1 Bxh5 0-1